000 00750nam a2200229Ia 4500
001 9226
003 GE_BSU
008 181216s||||||||xx |||||||||||||| ||und||
040 _cGE_BSU
080 _a821.353.1-31
100 _aლორთქიფანიძე,გიორგი
245 _aკაცი იმედით ცოცხლობს
245 _bრომანი
245 _cრედ. ლ.ბეჟანიძე,მხატვ.ა.გიორგაძე
260 _aბათუმი
260 _bსაბჭოთა აჭარა
260 _c1987
300 _a307გვ.20სმ.
653 _aკაცი იმედით ცოცხლობს
653 _aრომანი
942 _cBK
999 _c42529
_d42529